书目信息 |
| 题名: |
蛋白质结构分析:制备、鉴定与微量测序
|
|
| 作者: | 施蕴渝 译 | |
| 分册: | ||
| 出版信息: | 北京 科学出版社 2000.03 |
|
| 页数: | 221页 | |
| 开本: | 29cm | |
| 丛书名: | ||
| 单 册: | ||
| 中图分类: | TQ937 , Q937 | |
| 科图分类: | ||
| 主题词: | 蛋白质--化学加工--化学工业 | |
| 电子资源: | ||
| ISBN: | 7-03-007648-6 | |
| 000 | 00733nam0 2200217 45 | |
| 001 | 0254341130 | |
| 005 | 20061124161306.23 | |
| 010 | @a7-03-007648-6@dRMB 40.00 | |
| 100 | @a20020409d2000 km y0chiy0120 ea | |
| 101 | 0 | @achi |
| 102 | @aCN@b110000 | |
| 200 | 1 | @a蛋白质结构分析:制备、鉴定与微量测序@Adan bai zhi jie gou fen xi:zhi bei、jian ding yu wei liang ce xu@e制备、鉴定与微量测序@f施蕴渝等译@Fshi yun yu deng yi |
| 210 | @a北京@c科学出版社@d2000.03 | |
| 215 | @a221页@d29cm | |
| 517 | @a制备、鉴定与微量测序@Azhi bei、jian ding yu wei liang ce xu | |
| 606 | 0 | @a蛋白质@x化学加工@x化学工业 |
| 690 | @aTQ937@v4 | |
| 690 | @aQ937@v3 | |
| 701 | 0 | @a施蕴渝@Ashi yun yu@4译 |
| 801 | 0 | @aCN@c20061124 |
| 905 | @a10447@dTQ937@eS505 | |
| 蛋白质结构分析:制备、鉴定与微量测序:制备、鉴定与微量测序/施蕴渝等译.-北京:科学出版社,2000.03 |
| 221页;29cm |
| ISBN 7-03-007648-6:RMB 40.00 |
| ● |
| 相关链接 |
|
|
|
正题名:蛋白质结构分析:制备、鉴定与微量测序
索取号:TQ937/S505
 
预约/预借
| 序号 | 登录号 | 条形码 | 馆藏地/架位号 | 状态 | 备注 |
| 1 | 358054 | 203580543 | 自科库501/401自科库 33排4列2层/ [索取号:TQ937/S505] | 在馆 | |
| 2 | 358055 | 203580552 | 期刊室512/401自科库 33排4列2层/ [索取号:TQ937/S505] | 在馆 | |
| 3 | 358056 | 203580561 | 自科库501/401自科库 33排4列2层/ [索取号:TQ937/S505] | 在馆 | |
| 4 | 614525 | 206145250 | 自科库501/501自科库 41排3列4层/ [索取号:TQ937/S505] | 在馆 | |
| 5 | 614526 | 206145269 | 自科库501/501自科库 41排3列4层/ [索取号:TQ937/S505] | 在馆 |